Swedish Monarchs Quiz - Statistics

General Stats
  • This quiz has been taken 37 times
  • The average score is 11 of 28
Answer Stats
# Name % Correct
? Charles
88%
? Eric
71%
? Gustaf
71%
? John
67%
? Oscar
63%
? Adolf
58%
? Frederick
58%
? Christina
54%
? Christian
50%
? Margaret
46%
? Magnus
42%
? Sigismund
38%
? Canute
33%
? Albert
29%
? Inge
29%
? Christopher
25%
? Olof
25%
? Philip
25%
? Stenkil
25%
? Sverker
25%
? Ulrika
25%
? Valdemar
25%
? Birger
21%
? Emund
17%
? Håkan
17%
? Halsten
13%
? Anund Jakob
8%
? Ragnvald
8%
No matching quizzes found
Score Distribution
Percent of People with Each Score
Percentile by Number Answered
Your Score History
You have not taken this quiz